[Event "HUN-chT1 Charousek 2122"]
[Site "Hungary"]
[Date "2022.02.27"]
[Round "9.10"]
[White "Petrecz, Gyula"]
[Black "Marton, Jozsef"]
[Result "1/2-1/2"]
[WhiteElo "1777"]
[BlackElo "2031"]
[PlyCount "78"]
[EventDate "2021.10.10"]
[EventType "team-tourn"]
[EventRounds "11"]
[EventCountry "HUN"]
[SourceTitle "EXT 2025"]
[Source "ChessBase"]
[SourceDate "2024.10.14"]
[SourceVersion "1"]
[SourceVersionDate "2024.10.14"]
[SourceQuality "1"]
[WhiteTeam "Gyori Elektromos"]
[BlackTeam "Tapolca VSE"]
[WhiteTeamCountry "HUN"]
[BlackTeamCountry "HUN"]

1. e4 c5 2. Bc4 e6 3. Nc3 Nc6 4. a3 Nf6 5. d3 d5 6. exd5 exd5 7. Qe2+ Be7 8. Bb5 0-0 9. Bxc6 bxc6 10. Nf3 Re8 11. 0-0 Bd6 12. Qd1 h6 13. h3 Bf5 14. Ne2 Qc7 15. Nh4 Bd7 16. f4 Re7 17. Ng3 g6 18. Qf3 Rae8 19. Bd2 Qb6 20. f5 c4+ 21. Kh1 Re3 22. Bxe3 Rxe3 23. fxg6 Rxf3 24. gxf7+ Kxf7 25. Rxf3 Bxg3 26. Rxg3 Qf2 27. Kh2 Qf4 28. Ng6 Qd6 29. d4 Qxg3+ 30. Kxg3 Kxg6 31. Kf4 Bf5 32. c3 Nd7 33. Rg1 c5 34. g4 Be4 35. h4 cxd4 36. cxd4 Nb6 37. Rf1 Na4 38. Rf2 a5 39. Ke5 c3 1/2-1/2

[Event "HUN-chT1 Charousek 2122"]
[Site "Hungary"]
[Date "2021.11.21"]
[Round "4.10"]
[White "Hitter, Gabriella"]
[Black "Petrecz, Gyula"]
[Result "1-0"]
[WhiteElo "2103"]
[BlackElo "1782"]
[PlyCount "61"]
[EventDate "2021.10.10"]
[EventType "team-tourn"]
[EventRounds "11"]
[EventCountry "HUN"]
[SourceTitle "EXT 2025"]
[Source "ChessBase"]
[SourceDate "2024.10.14"]
[SourceVersion "1"]
[SourceVersionDate "2024.10.14"]
[SourceQuality "1"]
[WhiteTeam "Szentgotthard Alsoszolnok"]
[BlackTeam "Gyori Elektromos"]
[WhiteTeamCountry "HUN"]
[BlackTeamCountry "HUN"]

1. e4 d5 2. exd5 Nf6 3. Nf3 Nxd5 4. d4 Bg4 5. Be2 e6 6. 0-0 c6 7. c4 Nf6 8. b3 Nbd7 9. Bb2 Bb4 10. Qc1 0-0 11. Nc3 Ba5 12. Qe3 Re8 13. Ne4 Nxe4 14. Qxe4 Nf6 15. Qe3 Bc7 16. Bd3 Bxf3 17. Qxf3 e5 18. Rae1 e4 19. Bxe4 Nxe4 20. Rxe4 Rxe4 21. Qxe4 Qg5 22. Re1 Rf8 23. Ba3 Qh6 24. Bxf8 Qxh2+ 25. Kf1 Qh1+ 26. Ke2 Qh5+ 27. g4 Qg5 28. Be7 Qa5 29. Bd8 h6 30. Bxc7 Qxc7 31. Qe5 1-0

[Event "HUN-chT4 Chalupetzky 1819"]
[Site "Hunagry"]
[Date "2019.01.20"]
[Round "5.1"]
[White "Horvath, Laszlo7"]
[Black "Petrecz, Gyula"]
[Result "1/2-1/2"]
[WhiteElo "1237"]
[BlackElo "1767"]
[PlyCount "107"]
[EventDate "2018.10.14"]
[EventType "team-tourn"]
[EventRounds "10"]
[EventCountry "HUN"]
[SourceTitle "EXT 2020"]
[Source "ChessBase"]
[SourceDate "2019.10.17"]
[SourceVersion "1"]
[SourceVersionDate "2019.10.17"]
[SourceQuality "1"]
[WhiteTeam "Fertoszentmiklos"]
[BlackTeam "Toltestava Tornado"]
[WhiteTeamCountry "HUN"]
[BlackTeamCountry "HUN"]

1. d4 Nf6 2. Bf4 d5 3. e3 Bf5 4. Bd3 Bg6 5. Nc3 a6 6. Nge2 e6 7. Bxg6 hxg6 8. h3 Nh5 9. a3 Bd6 10. Qd3 Nc6 11. g4 Nxf4 12. Nxf4 Qf6 13. Qd2 Bxf4 14. exf4 Qxd4 15. 0-0-0 Qxd2+ 16. Rxd2 0-0-0 17. Rd3 Ne7 18. Rhd1 Rh4 19. Ne4 Rf8 20. Ng5 c5 21. b3 d4 22. c3 dxc3 23. Rxc3 Nd5 24. Rxc5+ Kb8 25. Rd4 Rc8 26. Rxc8+ Kxc8 27. Kb2 Kc7 28. a4 b5 29. Ka3 Kb6 30. axb5 axb5 31. Nxf7 Rxh3 32. Ne5 b4+ 33. Kb2 Rh2 34. Nd3 Kb5 35. f5 gxf5 36. gxf5 Nc7 37. Rxb4+ Ka5 38. fxe6 Nxe6 39. Kc3 Rh3 40. Kd2 Rxd3+ 41. Kxd3 Kxb4 42. Ke4 Kxb3 43. Ke5 Nc7 44. Kd6 Kc3 45. Ke7 Kd3 46. Kf7 Ne8 47. Kxe8 g5 48. Kf7 g4 49. Kg6 Ke4 50. Kg5 Kf3 51. Kh5 Kf4 52. Kh6 Kf3 53. Kh5 Kxf2 54. Kxg4 1/2-1/2

[Event "HUN-chT4 Chalupetzky 1718"]
[Site "Hungary"]
[Date "2018.01.21"]
[Round "5.2"]
[White "Petrecz, Gyula"]
[Black "Frank, Jozsef1"]
[Result "1/2-1/2"]
[WhiteElo "1776"]
[BlackElo "2050"]
[PlyCount "141"]
[EventDate "2017.10.15"]
[EventType "team-tourn"]
[EventRounds "7"]
[EventCountry "HUN"]
[SourceTitle "EXT 2019"]
[Source "ChessBase"]
[SourceDate "2018.10.10"]
[SourceVersion "1"]
[SourceVersionDate "2018.10.10"]
[SourceQuality "1"]
[WhiteTeam "Gonyu"]
[BlackTeam "Toltestava Tornado"]
[WhiteTeamCountry "HUN"]
[BlackTeamCountry "HUN"]

1. e4 c5 2. d4 cxd4 3. Qxd4 Nc6 4. Qd1 g6 5. Nf3 Bg7 6. Nc3 a6 7. a3 Nf6 8. Bc4 0-0 9. 0-0 d6 10. h3 b5 11. Bd3 Bb7 12. Ne2 Rc8 13. c3 Nd7 14. Ng3 Nce5 15. Bc2 h5 16. Bf4 Nxf3+ 17. Qxf3 Nf6 18. Bg5 Rc5 19. Bxf6 Bxf6 20. Rad1 Qc8 21. Qe3 Qe6 22. Ne2 Rfc8 23. Nf4 Qa2 24. Nd3 R5c7 25. Bb1 Qc4 26. e5 Qd5 27. f3 dxe5 28. Kh1 Qe6 29. Qf2 Qc4 30. Qg3 h4 31. Qe1 e4 32. fxe4 Qxe4 33. Qf2 Qc6 34. Nb4 Qe6 35. Rfe1 Qxh3+ 36. Kg1 Qg4 37. Nd5 Bxd5 38. Rxd5 Rc4 39. Rd3 Rf4 40. Qe2 Qg5 41. Rh3 a5 42. Be4 b4 43. cxb4 axb4 44. axb4 Rb8 45. Rb3 Rxb4 46. Rxb4 Qc5+ 47. Qe3 Qxb4 48. Kh1 Bd4 49. Qxf4 Qxe1+ 50. Kh2 Qg3+ 51. Qxg3 hxg3+ 52. Kxg3 Bxb2 53. Kf4 Kg7 54. Bc2 f5 55. g4 Bc1+ 56. Kf3 f4 57. Bd3 Kf6 58. Be4 g5 59. Bb7 Ke5 60. Ba8 Ba3 61. Bb7 Bc5 62. Ba8 Kd4 63. Bb7 Kd3 64. Bc6 Kd2 65. Bd5 Ke1 66. Bc6 Kf1 67. Be4 Kg1 68. Bc6 e5 69. Be4 Kh2 70. Bc6 e4+ 71. Bxe4 1/2-1/2

[Event "HUN-chT4a 1415"]
[Site "Hungary"]
[Date "2014.12.07"]
[Round "3.2"]
[White "Petrecz, Gyula"]
[Black "Banszegi, Attila"]
[Result "0-1"]
[WhiteElo "1765"]
[BlackElo "2054"]
[PlyCount "76"]
[EventDate "2014.10.19"]
[EventType "team-tourn"]
[EventRounds "7"]
[EventCountry "HUN"]
[SourceTitle "EXT 2016"]
[Source "ChessBase"]
[SourceDate "2015.10.08"]
[SourceVersion "1"]
[SourceVersionDate "2015.10.08"]
[SourceQuality "1"]

1. e4 e6 2. d4 d5 3. e5 c5 4. c3 Nc6 5. Nf3 Nge7 6. Bd3 cxd4 7. cxd4 Nf5 8. Bxf5 exf5 9. 0-0 Be6 10. b3 Be7 11. Nc3 g5 12. Kh1 h5 13. Nb5 g4 14. Ng1 Qb6 15. Qe2 0-0-0 16. Be3 Kb8 17. Nd6 a6 18. b4 h4 19. Rab1 Na7 20. a4 Bxd6 21. exd6 h3 22. g3 f4 23. Bxf4 Bf5 24. Rbc1 Ka8 25. Qd2 Rhe8 26. Ne2 Nc8 27. b5 Nxd6 28. bxa6 Qxa6 29. Nc3 Nc4 30. Qa2 Bd7 31. Ra1 Rc8 32. Nb5 Qg6 33. Qb1 Bf5 34. Qb4 Bd3 35. Nd6 Nxd6 36. Bxd6 Qe4+ 37. f3 Qe2 38. Qa5+ Ba6 0-1

[Event "HUN-chT4 1314"]
[Site "Hungary"]
[Date "2014.03.16"]
[Round "8.1"]
[White "Petrecz, Gyula"]
[Black "Horvath, Gabor"]
[Result "1/2-1/2"]
[WhiteElo "1743"]
[BlackElo "2069"]
[PlyCount "102"]
[EventDate "2013.10.13"]
[EventType "team-tourn"]
[EventRounds "11"]
[EventCountry "HUN"]
[SourceTitle "EXT 2016"]
[Source "ChessBase"]
[SourceDate "2015.10.08"]
[SourceVersion "1"]
[SourceVersionDate "2015.10.08"]
[SourceQuality "1"]

1. e4 e5 2. Bc4 Nf6 3. Nc3 Nc6 4. a3 Nxe4 5. Bxf7+ Kxf7 6. Nxe4 d5 7. Ng3 g6 8. d3 Kg7 9. Nf3 Bd6 10. 0-0 Bg4 11. h3 Be6 12. Ng5 Bg8 13. Qg4 Qc8 14. Qd1 h6 15. Nf3 Be6 16. Kh2 Qd7 17. c3 Raf8 18. Ng1 Qe7 19. Bd2 Rf7 20. Qc1 Qh4 21. Be1 e4 22. f4 Bxf4 23. Qc2 Ne5 24. dxe4 Ng4+ 25. Kh1 Bxg3 26. Bxg3 Qxg3 27. Rxf7+ Bxf7 28. hxg4 Re8 29. e5 Qh4+ 30. Nh3 Rxe5 31. Qa4 Re1+ 32. Rxe1 Qxe1+ 33. Kh2 Qe5+ 34. Kh1 a6 35. Qd7 g5 36. Qc8 b6 37. Qxa6 d4 38. Qd3 dxc3 39. bxc3 Be6 40. Qf3 Qc5 41. Nf2 Qxa3 42. Kh2 Qd6+ 43. Kg1 Bd5 44. Qe3 Qe6 45. Qd4+ Kg8 46. Kh2 c5 47. Qd2 Qe5+ 48. Kg1 b5 49. Nd3 Qd6 50. Qe3 b4 51. cxb4 cxb4 1/2-1/2